banner-ar

تقنيات زراعة وانتاج القمح / (Record no. 67131)

MARC details
000 -الفاتح
حقل البيانات ثابتة الطول 00736nam a22002297a 4500
005 - وقت وتاريخ اخر تعامل مع التسجيلة
رقم الضبط 20240530110958.0
008 - عناصر البيانات ثابتة الطول - معلومات عامة
حقل البيانات ثابتة الطول 221204s2009 au a f b 000 0 eng d
017 ## - رقم الايداع القانونى
رقم الايداع القانونى 2008/10018
020 ## - الرقم الدولى المعيارى للكتب
الرقم الدولى المعيارى للكتاب 9774113926
040 ## - مصدر الفهرسة
وكالة الفهرسة الأصلية EG-CaGPL
وكالة النسخ EG-CaGPL
082 04 - رقم تصنيف ديوى العشرى
رقم الطبعة 21
رقم التصنيف 633.11
رقم المادة ج ت
100 0# - المدخل الرئيسى - إسم شخصى
الإسم الشخصى جمال محمد الشبينى
245 10 - بيان العنوان
العنوان تقنيات زراعة وانتاج القمح /
بيان المسئوليه,etc تاليف جمال محمد الشبينى
250 ## - بيان الطبعة
بيان الطبعة ط.1
260 ## - PUBLICATION, DISTRIBUTION, ETC. (IMPRINT)
تاريخ النشر أو التوزيع 2009
300 ## - الوصف المادى
التعداد 455 ص. ؛
أبعاد الوعاء 24 سم.
650 07 - المدخل الاضافى بالموضوع-مصطلح موضوعى
مصدر الرأس أو المصطلح qrmak
مصطلح موضوعي القمح
650 07 - المدخل الاضافى بالموضوع-مصطلح موضوعى
مصطلح موضوعي الافات الزراعية
651 ## - المدخل الاضافى بالموضوع - اسم جغرافى
مصدر الرأس أو المصطلح qrmak
942 ## - عناصر المدخل الإضافي( كوها)
مصدر التصنيف او مخطط الترفيف Dewey Decimal Classification
Koha [default] item type كتاب
260 ## - PUBLICATION, DISTRIBUTION, ETC. (IMPRINT)
-- الاسكندرية :
-- المكتبة المصرية،
Holdings
حالة التراجع حالة الفقد حالة تلف ليس للاعارة المكان المؤقت الموقع الحالى موقع الترفيف تاريخ الاكتساب اجمالي اﻻعارات رقم الطلب الباركود تاريخ اخر مشاهدة تاريخ تفعيل السعر نوع وعاء كوها
        مكتبة القاهرة الكبرى مكتبة القاهرة الكبرى قاعة العلوم التطبيقية_ك عربى 01/11/2023   633.11 ج ت 169166 01/11/2023 01/11/2023 كتاب

Powered By

EGPV